Fatwá al-Fandalāwī wa-qiṣṣatuhā / (Record no. 49355)

MARC details
000 -LEADER
fixed length control field 00654cam a22002171a 4500
001 - CONTROL NUMBER
control field ne 67000205
003 - CONTROL NUMBER IDENTIFIER
control field DLC
005 - DATE AND TIME OF LATEST TRANSACTION
control field 20260227111829.0
008 - FIXED-LENGTH DATA ELEMENTS--GENERAL INFORMATION
fixed length control field 920721s1965 le 000 0 arar
010 ## - LIBRARY OF CONGRESS CONTROL NUMBER
LC control number ne 67000205
035 ## - SYSTEM CONTROL NUMBER
System control number (OCoLC)26226729
040 ## - CATALOGING SOURCE
Original cataloging agency DLC
Transcribing agency UU
Modifying agency DLC
050 00 - LIBRARY OF CONGRESS CALL NUMBER
Classification number BP166
Item number .F3
100 1# - MAIN ENTRY--PERSONAL NAME
Personal name Fandalāwī, Yūsuf ibn Dūnās,
Dates associated with a name -1148 or 1149.
245 10 - TITLE STATEMENT
Title Fatwá al-Fandalāwī wa-qiṣṣatuhā /
Statement of responsibility, etc. Jawād al-Murābiṭ.
250 ## - EDITION STATEMENT
Edition statement al-Ṭaʻbah 1
260 ## - PUBLICATION, DISTRIBUTION, ETC.
Place of publication, distribution, etc. Bayrūt :
Name of publisher, distributor, etc. Dār al-Kitāb al-Jadīd,
Date of publication, distribution, etc. 1965
300 ## - PHYSICAL DESCRIPTION
Extent 60 p. ;
Dimensions 25 cm.
650 #0 - SUBJECT ADDED ENTRY--TOPICAL TERM
Topical term or geographic name entry element Islam
General subdivision Doctrines
Form subdivision Early works to 1800.
700 1# - ADDED ENTRY--PERSONAL NAME
Personal name Murābiṭ, Jawād.

No items available.

Powered by Koha